[Event "Rottach Egern Seniors Cup 9th"]
[Site "Rottach Egern"]
[Date "2021.10.27"]
[Round "6"]
[White "Dushatskiy, Fedor"]
[Black "Herbold, Manfred"]
[Result "1-0"]
[WhiteElo "2117"]
[BlackElo "2034"]
[PlyCount "63"]
[EventDate "2021.10.22"]
[EventType "swiss"]
[EventRounds "7"]
[EventCountry "GER"]
[SourceTitle "CBM 204 Extra"]
[Source "ChessBase"]
[SourceDate "2021.11.30"]
[SourceVersion "1"]
[SourceVersionDate "2021.11.30"]
[SourceQuality "1"]

1. d4 Nf6 2. c4 e6 3. Nc3 Bb4 4. e3 0-0 5. Bd3 Re8 6. Qc2 Nc6 7. a3 Bf8 8. Nge2 a5 9. 0-0 d6 10. Bd2 g6 11. Rab1 e5 12. d5 Nb8 13. e4 Na6 14. f3 Bd7 15. Be3 c6 16. b4 axb4 17. axb4 cxd5 18. cxd5 Rc8 19. Qb3 Nh5 20. Na4 Nf4 21. Nb6 Bh6 22. Bxa6 bxa6 23. Nxf4 exf4 24. Nxc8 fxe3 25. Nxd6 Bf4 26. Nxe8 Bxe8 27. g3 Qg5 28. Kh1 e2 29. Rf2 Bb5 30. gxf4 Qh4 31. Rxe2 Bxe2 32. Qe3 1-0

[Event "Zalakaros Barczay Memorial 40th"]
[Site "Zalakaros"]
[Date "2021.09.11"]
[Round "7"]
[White "Herbold, Manfred"]
[Black "Pasztor, Ferenc1"]
[Result "0-1"]
[WhiteElo "2031"]
[BlackElo "2251"]
[PlyCount "86"]
[EventDate "2021.09.05"]
[EventType "swiss"]
[EventRounds "9"]
[EventCountry "HUN"]
[SourceTitle "CBM 204 Extra"]
[Source "ChessBase"]
[SourceDate "2021.11.30"]
[SourceVersion "1"]
[SourceVersionDate "2021.11.30"]
[SourceQuality "1"]

1. e4 e5 2. Nf3 Nf6 3. Nxe5 d6 4. Nf3 Nxe4 5. Nc3 Nxc3 6. dxc3 Be7 7. Be3 Nc6 8. Qd2 Be6 9. 0-0-0 Qd7 10. Kb1 Bf6 11. Be2 0-0-0 12. Nd4 Bxd4 13. cxd4 d5 14. Bf4 a6 15. h4 Rhe8 16. h5 h6 17. f3 Bf5 18. g4 Bh7 19. Bd3 Bxd3 20. Qxd3 Re6 21. Bd2 Rde8 22. Rde1 Rxe1+ 23. Rxe1 Rxe1+ 24. Bxe1 f5 25. gxf5 Qe8 26. Bd2 Qxh5 27. f6 gxf6 28. b4 f5 29. a4 Qg6 30. b5 axb5 31. axb5 Nd8 32. Bf4 h5 33. Qc3 Qb6 34. Qd3 Qe6 35. Qc3 Qd7 36. Qa5 Qe7 37. Qa8+ Kd7 38. Qa4 Qe1+ 39. Kb2 Qe6 40. b6+ Qc6 41. Ka3 Qxa4+ 42. Kxa4 cxb6 43. Kb5 Ne6 0-1

[Event "Zalakaros Barczay Memorial"]
[Site "Zalakaros"]
[Date "2020.09.03"]
[Round "4"]
[White "Marosvolgyi, Ferenc"]
[Black "Herbold, Manfred"]
[Result "0-1"]
[WhiteElo "1811"]
[BlackElo "2063"]
[PlyCount "99"]
[EventDate "2020.08.31"]
[EventType "swiss"]
[EventRounds "7"]
[EventCountry "HUN"]
[SourceTitle "CBM 198 Extra"]
[Source "ChessBase"]
[SourceDate "2020.11.30"]
[SourceVersion "1"]
[SourceVersionDate "2020.11.30"]
[SourceQuality "1"]

1. d4 d6 2. c4 e5 3. d5 a5 4. Nc3 Bd7 5. e4 Be7 6. Bd3 Nf6 7. Nge2 Na6 8. 0-0 0-0 9. a3 Nc5 10. Bc2 a4 11. f4 exf4 12. Bxf4 Ng4 13. Rf3 Bf6 14. Rb1 Re8 15. Qf1 Qe7 16. Nb5 Bxb5 17. cxb5 Ne5 18. Rh3 g6 19. Nc3 Ng4 20. Qe2 Bd4+ 21. Kf1 h5 22. Rf3 Ne5 23. Bxe5 Qxe5 24. g3 b6 25. Kg2 f5 26. Rbf1 Bxc3 27. Rxc3 fxe4 28. Qe3 Kg7 29. Rd1 Ra5 30. Qe2 Re7 31. Bb1 Ra8 32. Qc4 Qg5 33. Qd4+ Kh7 34. Re3 Rae8 35. Rde1 Re5 36. Ba2 h4 37. Bc4 Rf8 38. Kg1 Ref5 39. Qc3 Rf2 40. Bf1 Qf5 41. Qc4 Rxb2 42. R3e2 Rb3 43. Qc1 hxg3 44. hxg3 Rxg3+ 45. Bg2 Nd3 46. Qxc7+ Rf7 47. Qxd6 Rxg2+ 48. Kxg2 Nxe1+ 49. Rxe1 Qf2+ 50. Kh3 0-1

[Event "Buchen op 8th"]
[Site "Buchen"]
[Date "2019.09.06"]
[Round "1"]
[White "Friesen, Arthur"]
[Black "Herbold, Manfred"]
[Result "0-1"]
[WhiteElo "1707"]
[BlackElo "2053"]
[PlyCount "68"]
[EventDate "2019.09.06"]
[EventType "swiss"]
[EventRounds "5"]
[EventCountry "GER"]
[SourceTitle "EXT 2020"]
[Source "ChessBase"]
[SourceDate "2019.10.17"]
[SourceVersion "1"]
[SourceVersionDate "2019.10.17"]
[SourceQuality "1"]

1. d4 e6 2. Nf3 Nf6 3. c4 Bb4+ 4. Nbd2 a5 5. a3 Be7 6. e4 d6 7. Bd3 Nc6 8. b3 e5 9. Bb2 Bg4 10. d5 Nb8 11. c5 Nfd7 12. cxd6 cxd6 13. Rc1 Nc5 14. Bb1 Nba6 15. 0-0 0-0 16. h3 Bd7 17. Nc4 b5 18. Ne3 g6 19. g4 Bg5 20. Nd2 Bf4 21. Rc3 b4 22. axb4 axb4 23. Rc1 h5 24. Ndc4 Qh4 25. Kg2 hxg4 26. hxg4 Qg5 27. Bc2 Nc7 28. Ra1 Rxa1 29. Bxa1 Nb5 30. Qe2 Nd4 31. Qd1 Nxc2 32. Qxc2 Bxg4 33. f3 Bh3+ 34. Kxh3 Qg3# 0-1

[Event "Eschborn op"]
[Site "Eschborn"]
[Date "2019.08.18"]
[Round "5.32"]
[White "Lopez, Victor"]
[Black "Herbold, Manfred"]
[Result "0-1"]
[WhiteElo "1570"]
[BlackElo "2011"]
[PlyCount "50"]
[EventDate "2019.08.16"]
[EventType "swiss"]
[EventRounds "5"]
[EventCountry "GER"]
[SourceTitle "EXT 2024"]
[Source "ChessBase"]
[SourceDate "2023.10.10"]
[SourceVersion "1"]
[SourceVersionDate "2023.10.10"]
[SourceQuality "1"]

1. e4 h6 2. d4 c5 3. c3 cxd4 4. cxd4 d6 5. Nf3 a6 6. Nc3 b5 7. a3 Bb7 8. Be2 Nd7 9. 0-0 Rc8 10. Bf4 g5 11. Bg3 Bg7 12. Rc1 Ngf6 13. e5 dxe5 14. Nxe5 0-0 15. Bf3 Bxf3 16. Qxf3 Nb6 17. Rfe1 e6 18. Ne4 Nxe4 19. Qxe4 f5 20. Qe2 Rxc1 21. Rxc1 f4 22. Ng6 Re8 23. Nxf4 gxf4 24. Bxf4 Qxd4 25. Rc7 Qxf4 0-1

[Event "Eschborn op"]
[Site "Eschborn"]
[Date "2018.10.07"]
[Round "5"]
[White "Hacker, Jonas"]
[Black "Herbold, Manfred"]
[Result "1-0"]
[WhiteElo "2272"]
[BlackElo "2074"]
[PlyCount "107"]
[EventDate "2018.10.05"]
[EventType "swiss"]
[EventRounds "5"]
[EventCountry "GER"]
[SourceTitle "CBM 187 Extra"]
[Source "ChessBase"]
[SourceDate "2018.11.04"]
[SourceVersion "1"]
[SourceVersionDate "2018.11.04"]
[SourceQuality "1"]

1. e4 Nc6 2. Nf3 Nf6 3. e5 Ng4 4. d4 d6 5. h3 Nh6 6. Bb5 a6 7. Bxc6+ bxc6 8. Bf4 Bf5 9. Nc3 e6 10. Qd2 Qb8 11. b3 Ng8 12. Nh4 Bg6 13. Nxg6 hxg6 14. 0-0 Ne7 15. Na4 Nd5 16. c4 Nxf4 17. Qxf4 Rh5 18. Rfe1 Qb7 19. Rad1 Be7 20. Rd3 Rf5 21. Qe4 g5 22. Rf3 g6 23. Ree3 0-0-0 24. exd6 Bxd6 25. Rd3 Rd7 26. g3 Bf8 27. Kh2 c5 28. d5 exd5 29. cxd5 Rxf3 30. Qxf3 f5 31. Qe3 f4 32. Qe8+ Rd8 33. Qe6+ Kb8 34. g4 Qb5 35. Nb2 f3 36. Rxf3 Bd6+ 37. Kg2 Re8 38. a4 Rxe6 39. axb5 Re2 40. Na4 axb5 41. Nc3 Rd2 42. Nxb5 Rxd5 43. Na3 Kb7 44. Kf1 Kb6 45. Ke2 Ka5 46. Nc2 Bf4 47. Rd3 Re5+ 48. Kd1 Re6 49. Na3 Rd6 50. Nc4+ Kb4 51. Nxd6 cxd6 52. Kc2 Be5 53. Re3 c4 54. Re4 1-0

[Event "Arber op 6th"]
[Site "Bodenmais"]
[Date "2017.08.03"]
[Round "6"]
[White "Herbold, Manfred"]
[Black "Ries, Berthold"]
[Result "1-0"]
[WhiteElo "2170"]
[BlackElo "1946"]
[PlyCount "45"]
[EventDate "2017.07.29"]
[EventType "swiss"]
[EventRounds "9"]
[EventCountry "GER"]
[SourceTitle "CBM 179 Extra"]
[Source "ChessBase"]
[SourceDate "2017.08.23"]
[SourceVersion "1"]
[SourceVersionDate "2017.08.23"]
[SourceQuality "1"]

1. e4 c5 2. d4 cxd4 3. c3 dxc3 4. Nxc3 Nc6 5. Nf3 e6 6. Bc4 d6 7. 0-0 a6 8. Qe2 Nge7 9. Bg5 Qc7 10. Rac1 b5 11. Bb3 Qb7 12. Rfd1 Ng6 13. Nd5 h6 14. Rxc6 Qxc6 15. Rc1 Qxc1+ 16. Bxc1 exd5 17. Bxd5 Rb8 18. e5 Be6 19. exd6 Kd7 20. Bxe6+ fxe6 21. Qd3 Rc8 22. Bd2 Bxd6 23. Qxg6 1-0

[Event "Arber op 6th"]
[Site "Bodenmais"]
[Date "2017.08.02"]
[Round "5"]
[White "Neis, Christian"]
[Black "Herbold, Manfred"]
[Result "1/2-1/2"]
[WhiteElo "1914"]
[BlackElo "2170"]
[PlyCount "40"]
[EventDate "2017.07.29"]
[EventType "swiss"]
[EventRounds "9"]
[EventCountry "GER"]
[SourceTitle "CBM 179 Extra"]
[Source "ChessBase"]
[SourceDate "2017.08.23"]
[SourceVersion "1"]
[SourceVersionDate "2017.08.23"]
[SourceQuality "1"]

1. d4 Nf6 2. c4 g6 3. Nc3 Bg7 4. e4 0-0 5. Be2 d6 6. Bg5 c5 7. d5 a6 8. a4 h6 9. Be3 Qa5 10. Bd2 Qd8 11. Qc1 Kh7 12. h4 e5 13. h5 g5 14. f3 Ne8 15. g4 f6 16. Bd3 Rf7 17. Nge2 Bf8 18. Ng3 b6 19. Qc2 Rb7 20. 0-0 Bd7 1/2-1/2

[Event "Arber op 6th"]
[Site "Bodenmais"]
[Date "2017.08.01"]
[Round "4"]
[White "Herbold, Manfred"]
[Black "Babiy, Olga"]
[Result "0-1"]
[WhiteElo "2170"]
[BlackElo "2388"]
[PlyCount "76"]
[EventDate "2017.07.29"]
[EventType "swiss"]
[EventRounds "9"]
[EventCountry "GER"]
[SourceTitle "CBM 179 Extra"]
[Source "ChessBase"]
[SourceDate "2017.08.23"]
[SourceVersion "1"]
[SourceVersionDate "2017.08.23"]
[SourceQuality "1"]

1. g3 e5 2. Bg2 d6 3. c4 Be7 4. Nc3 f5 5. e3 Nf6 6. d4 0-0 7. Nge2 c6 8. 0-0 Be6 9. d5 Bf7 10. dxc6 Nxc6 11. Nd5 e4 12. Nxe7+ Qxe7 13. b3 Bh5 14. Qd2 Ne5 15. Nd4 Nfd7 16. f4 exf3 17. Nxf3 Nc5 18. Nxe5 dxe5 19. Bd5+ Kh8 20. Ba3 Rac8 21. Qc2 e4 22. Qc3 b6 23. Rac1 a5 24. Rc2 Bf3 25. Rfc1 Qg5 26. Bxc5 Rxc5 27. a3 Rd8 28. Qd4 h5 29. Qd2 h4 30. Kf1 hxg3 31. hxg3 Rd6 32. Qf2 Rh6 33. Ke1 Qd8 34. Qg1 b5 35. Rd1 bxc4 36. bxc4 Bxd1 37. Kxd1 Qb6 38. Kd2 Qb3 0-1

[Event "Bodensee op"]
[Site "Bregenz"]
[Date "2017.05.26"]
[Round "7"]
[White "Herbold, Manfred"]
[Black "Higatsberger, Michael"]
[Result "1/2-1/2"]
[WhiteElo "2186"]
[BlackElo "2121"]
[PlyCount "62"]
[EventDate "2017.05.20"]
[EventType "swiss"]
[EventRounds "9"]
[EventCountry "AUT"]
[SourceTitle "CBM 178 Extra"]
[Source "ChessBase"]
[SourceDate "2017.06.22"]
[SourceVersion "1"]
[SourceVersionDate "2017.06.22"]
[SourceQuality "1"]

1. e4 e6 2. d4 d5 3. exd5 exd5 4. Bd3 Nc6 5. c3 Bd6 6. Ne2 Nge7 7. Bf4 Bf5 8. Bxf5 Nxf5 9. Qd3 Qd7 10. Bxd6 Nxd6 11. Nd2 0-0-0 12. 0-0-0 Qf5 13. Qxf5+ Nxf5 14. Nf4 h5 15. Rde1 g5 16. Nd3 f6 17. Re6 Rd6 18. Rxd6 Nxd6 19. Re1 b6 20. Nf1 Kd7 21. b3 Ne7 22. Ne3 Ndf5 23. a4 a5 24. Kd2 Nxe3 25. fxe3 Nf5 26. e4 dxe4 27. Rxe4 Nh4 28. Re2 Re8 29. Rf2 Ke6 30. g3 Ng6 31. c4 f5 1/2-1/2

[Event "Bodensee op"]
[Site "Bregenz"]
[Date "2017.05.23"]
[Round "4"]
[White "Wagner, Leopold Franziskus"]
[Black "Herbold, Manfred"]
[Result "1/2-1/2"]
[WhiteElo "2015"]
[BlackElo "2186"]
[PlyCount "107"]
[EventDate "2017.05.20"]
[EventType "swiss"]
[EventRounds "9"]
[EventCountry "AUT"]
[SourceTitle "CBM 178 Extra"]
[Source "ChessBase"]
[SourceDate "2017.06.22"]
[SourceVersion "1"]
[SourceVersionDate "2017.06.22"]
[SourceQuality "1"]

1. d4 Nf6 2. c4 g6 3. Nc3 Bg7 4. e4 d6 5. f4 c5 6. d5 0-0 7. Nf3 e6 8. Be2 exd5 9. cxd5 Re8 10. e5 Nfd7 11. exd6 a6 12. 0-0 Nb6 13. Ne5 N8d7 14. Ne4 f6 15. Nxd7 Nxd7 16. Bf3 Rb8 17. Re1 b6 18. Bd2 f5 19. Ng5 Bxb2 20. Rb1 Bd4+ 21. Kh1 Nf8 22. Rxe8 Qxe8 23. Qc2 Qd8 24. Bc3 Qxd6 25. Bxd4 cxd4 26. Qc4 h6 27. Nh3 b5 28. Qxd4 Bb7 29. Nf2 Rd8 30. a4 Ne6 31. Qf6 Nxf4 32. Qxd6 Rxd6 33. axb5 axb5 34. Rxb5 Bxd5 35. Bxd5+ Rxd5 36. Rxd5 Nxd5 37. g3 Kf7 38. Kg2 g5 39. h3 Nb4 40. Kf3 Ke6 41. Nd1 h5 42. Ne3 Nd5 43. Nc4 g4+ 44. hxg4 hxg4+ 45. Kf2 Nf6 46. Ke3 Nh5 47. Kf2 Kd5 48. Ne3+ Ke4 49. Nc4 f4 50. gxf4 g3+ 51. Kg2 Kxf4 52. Nd2 Kg4 53. Nf1 Nf4+ 54. Kg1 1/2-1/2

[Event "GER-Cup31 E/V02 email"]
[Site "GER email"]
[Date "2017.04.25"]
[Round "?"]
[White "Herbold, Manfred"]
[Black "Lieske, Gerhard"]
[Result "1-0"]
[WhiteElo "2095"]
[BlackElo "1624"]
[PlyCount "95"]
[EventDate "2017.05.01"]
[EventType "tourn (corr)"]
[EventRounds "4"]
[EventCountry "GER"]
[SourceTitle "Corr 2020"]
[Source "ChessBase"]
[SourceDate "2019.09.30"]
[SourceVersion "1"]
[SourceVersionDate "2019.09.30"]
[SourceQuality "1"]

1. e4 e5 2. Bc4 Nf6 3. d4 exd4 4. Nf3 Bc5 5. e5 d5 6. Bb5+ Nfd7 7. 0-0 c6 8. Bd3 h6 9. Bf4 Nf8 10. Nbd2 Ne6 11. Bg3 Be7 12. c3 dxc3 13. bxc3 Na6 14. Bxa6 bxa6 15. Nd4 Nxd4 16. cxd4 Be6 17. Qa4 Qc8 18. Rac1 Bd7 19. Qa5 Bd8 20. Qc3 Bb6 21. Nb3 0-0 22. Bh4 Re8 23. h3 Re6 24. f4 Rg6 25. Kh2 a5 26. g4 Bxg4 27. hxg4 Qxg4 28. Qh3 Qxh3+ 29. Kxh3 h5 30. a4 Rc8 31. Rg1 Rxg1 32. Rxg1 Kh8 33. f5 Re8 34. f6 g6 35. Rc1 Re6 36. Bg5 Kg8 37. Bf4 Kf8 38. Nc5 Re8 39. Nd7+ Kg8 40. Nxb6 axb6 41. Rxc6 Re6 42. Rxe6 fxe6 43. Kh4 Kf7 44. Kg5 h4 45. Kxh4 Kg8 46. Kg5 Kh7 47. Bc1 Kg8 48. Kxg6 1-0

[Event "Gibraltar Masters 15th"]
[Site "Caleta"]
[Date "2017.02.01"]
[Round "9"]
[White "Hewson, Brian Wr"]
[Black "Herbold, Manfred"]
[Result "0-1"]
[WhiteElo "2055"]
[BlackElo "2198"]
[PlyCount "88"]
[EventDate "2017.01.24"]
[EventType "swiss"]
[EventRounds "10"]
[EventCountry "GGB"]
[SourceTitle "CBM 177"]
[Source "ChessBase"]
[SourceDate "2017.03.16"]
[SourceVersion "1"]
[SourceVersionDate "2017.03.16"]
[SourceQuality "1"]

1. d4 e6 2. c4 Nf6 3. Nf3 Bb4+ 4. Bd2 Qe7 5. a3 Bxd2+ 6. Qxd2 d6 7. Nc3 0-0 8. Qc2 e5 9. e3 Bg4 10. dxe5 dxe5 11. Be2 c6 12. Nh4 g6 13. Nf3 Nbd7 14. h3 Bf5 15. e4 Be6 16. Ng5 a5 17. Nxe6 Qxe6 18. 0-0 Qe7 19. Na4 Nc5 20. Nxc5 Qxc5 21. Rfd1 Rfd8 22. g3 Kg7 23. Kg2 b6 24. Rac1 h5 25. h4 Qe7 26. f3 Nd7 27. Rd2 Nc5 28. Rcd1 Ne6 29. Rxd8 Rxd8 30. Rxd8 Qxd8 31. Qd3 Qe7 32. Qd2 Nd4 33. Bd3 f6 34. b4 axb4 35. axb4 g5 36. hxg5 fxg5 37. f4 gxf4 38. gxf4 Qh4 39. Be2 c5 40. bxc5 bxc5 41. Bf3 exf4 42. Qf2 Qxf2+ 43. Kxf2 Nxf3 44. Kxf3 Kf6 0-1

[Event "Bayern-chI Bank Hofmann 20th"]
[Site "Bad Wiessee"]
[Date "2016.11.05"]
[Round "8"]
[White "Herbold, Manfred"]
[Black "Wacker, Peter"]
[Result "0-1"]
[WhiteElo "2155"]
[BlackElo "2306"]
[PlyCount "98"]
[EventDate "2016.10.29"]
[EventType "swiss"]
[EventRounds "9"]
[EventCountry "GER"]
[SourceTitle "EXT 2018"]
[Source "ChessBase"]
[SourceDate "2017.10.13"]
[SourceVersion "1"]
[SourceVersionDate "2017.10.13"]
[SourceQuality "1"]

1. Nf3 Nf6 2. d4 d5 3. Bf4 e6 4. e3 Be7 5. h3 0-0 6. Nbd2 b6 7. Ne5 Bb7 8. Bd3 Ne4 9. 0-0 Bd6 10. Bh2 f6 11. Nef3 Bxh2+ 12. Nxh2 Nxd2 13. Qxd2 e5 14. f4 e4 15. Be2 f5 16. g4 fxg4 17. Nxg4 Bc8 18. Kg2 Bxg4 19. hxg4 Nd7 20. Rh1 g5 21. f5 Nf6 22. Rh6 Kg7 23. Rah1 Qe7 24. R6h2 c5 25. c3 a5 26. a4 h5 27. gxh5 Kh6 28. Rd1 c4 29. Rf1 Rfb8 30. b3 b5 31. axb5 cxb3 32. Qb2 a4 33. Ra1 Qd7 34. Rhh1 Rc8 35. Rac1 Qd6 36. Ra1 g4 37. b6 Qxb6 38. Qa3 Ra7 39. c4 dxc4 40. Bxc4 Rxc4 41. Qf8+ Kh7 42. h6 b2 43. Ra2 Rc2+ 44. Kg3 Qc7+ 45. Kh4 Qe7 46. Qxe7+ Rxe7 47. Rb1 Rb7 48. Kg5 Ng8 49. d5 g3 0-1